Ready-to-use writing proficiency lessons&activities (Record no. 23776)

MARC details
000 -LEADER
fixed length control field 00666nam a22001937a 4500
003 - CONTROL NUMBER IDENTIFIER
control field OSt
005 - DATE AND TIME OF LATEST TRANSACTION
control field 20260610122048.0
008 - FIXED-LENGTH DATA ELEMENTS--GENERAL INFORMATION
fixed length control field 260610b |||||||| |||| 00| 0 eng d
020 ## - INTERNATIONAL STANDARD BOOK NUMBER
International Standard Book Number 978-0-7879-6586-0
040 ## - CATALOGING SOURCE
Transcribing agency Chuka University Library
050 ## - LIBRARY OF CONGRESS CALL NUMBER
Classification number LB 1631
Item number .B4 2003
100 ## - MAIN ENTRY--PERSONAL NAME
Personal name Behrman H. Carol
9 (RLIN) 28181
245 ## - TITLE STATEMENT
Title Ready-to-use writing proficiency lessons&activities
260 ## - PUBLICATION, DISTRIBUTION, ETC.
Place of publication, distribution, etc. 989 market street
Name of publisher, distributor, etc. Jossey-bass
Date of publication, distribution, etc. 2003
300 ## - PHYSICAL DESCRIPTION
Extent 371
650 ## - SUBJECT ADDED ENTRY--TOPICAL TERM
Topical term or geographic name entry element English writing-composition and exercises-study and teaching(middle school)-activity programs-united states
9 (RLIN) 28182
650 ## - SUBJECT ADDED ENTRY--TOPICAL TERM
Topical term or geographic name entry element Eighth grade(middle school)United states)
9 (RLIN) 28183
942 ## - ADDED ENTRY ELEMENTS (KOHA)
Source of classification or shelving scheme Library of Congress Classification
Koha item type Long Loan Books
Suppress in OPAC No
Holdings
Withdrawn status Lost status Source of classification or shelving scheme Damaged status Not for loan Collection Home library Current library Shelving location Date acquired Source of acquisition Cost, normal purchase price Total Checkouts Full call number Barcode Date last seen Price effective from Koha item type
    Library of Congress Classification     General Collection Books Main Campus Library Main Campus Library General Stacks 10/06/2026 Donations from books for Africa 4786.00   LB 1631 .B4 2003 33759/2026 10/06/2026 10/06/2026 Long Loan Books

Powered by Koha